Largest Cities located on an Island - Statistics

General Stats
  • This quiz has been taken 87 times
  • The average score is 27 of 47
Answer Stats
Most Populous Island Population % City % Correct
Great Britain 10,240,000 100 London
100%
Honshu 17,440,000 100 Osaka
100%
Honshu 37,750,000 100 Tokyo
100%
Java 30,090,000 100 Jakarta
99%
Luzon 24,120,000 100 Manila
99%
Taiwan 7,440,000 100 Taipei
97%
Cuba 2,130,000 100 Havana
96%
Great Britain 2,640,000 100 Manchester
96%
Great Britain 2,510,000 100 Birmingham
95%
Ireland 1,160,000 100 Dublin
93%
Island of Montréal 4,130,000 57 Montréal
91%
Hispaniola 2,330,000 100 Port-au-Prince
89%
Great Britain 1,220,000 100 Glasgow
87%
Sri Lanka 2,180,000 100 Colombo
86%
North Island 1,360,000 100 Auckland
84%
Hispaniola 2,930,000 100 Santo Domingo
84%
Hokkaido 2,570,000 100 Sapporo
82%
Madagascar 2,400,000 100 Antananarivo
79%
Puerto Rico 2,140,000 100 San Juan
78%
Honshu 10,180,000 100 Nagoya
76%
Zealand 1,250,000 100 Copenhagen
67%
Java 4,930,000 100 Surabaya
67%
Bahrain Island 1,340,000 100 Manama
66%
Pulau Ujong 5,620,000 100 Singapore
64%
Cebu 2,540,000 100 Cebu City
61%
Honshu 1,380,000 100 Hiroshima
61%
Java 5,700,000 100 Bandung
58%
Salsette Island 17,710,000 85 Mumbai
50%
Sumatra 3,940,000 100 Medan
39%
Kyushu 2,530,000 100 Fukuoka
38%
Taiwan 2,600,000 100 Kaohsiung
38%
Mindanao 1,630,000 100 Davao City
37%
Okinawa 1,010,000 100 Naha
32%
Honshu 1,280,000 100 Sendai
28%
Batam 1,140,000 100 Batam City
25%
Taiwan 2,940,000 100 Taichung
25%
Java 1,830,000 100 Yogyakarta
22%
Sulawesi 1,480,000 100 Makassar
20%
Taiwan 1,220,000 100 Tainan
16%
Kyushu 1,980,000 100 Kitakyushu
14%
Java 1,320,000 100 Surakarta
11%
Honshu 1,190,000 100 Hamamatsu
9%
Java 1,110,000 100 Malang
9%
Mindanao 1,580,000 100 General Santos
8%
Sumatra 1,100,000 100 Pekanbaru
8%
Java 1,630,000 100 Semerang
5%
Java 1,140,000 100 Cirebon
4%
No matching quizzes found
Score Distribution
Percent of People with Each Score
Percentile by Number Answered
Your Score History
You have not taken this quiz